000 00794nam a2200265 a 4500
008
020 _a0850925347 (pbk.)
049 _aMAIN
090 _aHF1416
100 1 _aLall, Sanjaya.
245 1 0 _aMauritius :
_bdynamising export competitiveness /
_cSanjaya Lall ana Ganesham Wignaraja.
260 _aLondon :
_bCommonwealth Secretariat,
_c1998.
300 _a168 p. ;
_c26cm.
440 _aEconomic paper ;
_v33
504 _aIncudes bibliographical references.
650 _aInternational trade.
650 _aExport marketing
_zMauritius.
650 _aExports.
700 _aGaneshan Wignaraja.
907 _a.b10085075
_b29-09-05
_c29-07-03
003
005 20230123133355.0
040 _cNUST
942 _cBOOKS
_kHF1416
999 _c147474
_d147474